Not a Pig - Statistics

General Stats
  • This quiz has been taken 23 times
  • The average score is 5 of 12
Answer Stats
Picture Hint Answer % Correct
Cavia porcellus Guinea Pig
100%
Erinaceinae Hedgehog
95%
Marmota monax Groundhog
63%
Heterodon nasicus Western Hognose Snake
53%
Scotoplanes globosa Sea Pig
47%
Lachnolaimus maximus Hogfish
37%
Arctonyx Hog Badger
32%
Carettochelys insculpta Pig-nosed Turtle
32%
Congiopodidae Pigfish
26%
Lithobates grylio Pig Frog
21%
Helicocranchia Piglet Squid
11%
Tunicata Sea Pork
5%
No matching quizzes found
Score Distribution
Percent of People with Each Score
Percentile by Number Answered
Your Score History
You have not taken this quiz